000 00372nam a22001217a 4500
008 230612b xxu||||| |||| 00| 0 eng d
082 _a354.676
_bGOK
245 _a2007/2008 Estimates of Recurrent Expenditure of the Government of Kenya for the Year Ending 30th June, 2008
260 _aNairobi,Kenya
_bGOK
_cJune,2007
300 _aX,1463p
440 _vII
942 _2ddc
_cBK
999 _c1012
_d1012